Civilisation britannique : Problématiques et enjeux contemporains (notice n° 1972400)

détails MARC
000 -LEADER
fixed length control field 01112cam a2200133 4500500
005 - DATE AND TIME OF LATEST TRANSACTION
control field 20260329040448.0
041 ## - LANGUAGE CODE
Language code of text/sound track or separate title fre
042 ## - AUTHENTICATION CODE
Authentication code dc
100 10 - MAIN ENTRY--PERSONAL NAME
Personal name Daniel, Marie-Céline
Relator term author
245 00 - TITLE STATEMENT
Title Civilisation britannique : Problématiques et enjeux contemporains
260 ## - PUBLICATION, DISTRIBUTION, ETC.
Name of publisher, distributor, etc. Armand Colin,<br/>
Date of publication, distribution, etc. 2017.<br/>
520 ## - SUMMARY, ETC.
Summary, etc. Cet ouvrage s’adresse à tous les étudiants en LLCE d’anglais dès la première année ainsi qu’aux étudiants en classes préparatoires. L’ouvrage offre des ressources de connaissances selon les problématiques essentielles que pose le Royaume-Uni. Chaque chapitre s’ouvre sur : – un résumé des connaissances préalables à sa lecture, – la problématique qui structure l’organisation du cours. Des compléments en ligne signalés aux endroits stratégiques du cours donnent la perspective historique des questions. Enfin, deux exercices conformes aux épreuves de licence et une chronologie illustrée achèvent la formation proposée par l’ouvrage.
856 41 - ELECTRONIC LOCATION AND ACCESS
Uniform Resource Identifier <a href="https://shs.cairn.info/civilisation-britannique--9782200618100?lang=fr&redirect-ssocas=7080">https://shs.cairn.info/civilisation-britannique--9782200618100?lang=fr&redirect-ssocas=7080</a>

Pas d'exemplaire disponible.

PLUDOC

PLUDOC est la plateforme unique et centralisée de gestion des bibliothèques physiques et numériques de Guinée administré par le CEDUST. Elle est la plus grande base de données de ressources documentaires pour les Étudiants, Enseignants chercheurs et Chercheurs de Guinée.

Adresse

627 919 101/664 919 101

25 boulevard du commerce
Kaloum, Conakry, Guinée

Réseaux sociaux

Powered by Netsen Group @ 2025